<?xml version="1.0" encoding="UTF-8"?>
<record
    xmlns:xsi="http://www.w3.org/2001/XMLSchema-instance"
    xsi:schemaLocation="http://www.loc.gov/MARC21/slim http://www.loc.gov/standards/marcxml/schema/MARC21slim.xsd"
    xmlns="http://www.loc.gov/MARC21/slim">

  <leader>00767cam a2200241u  4500</leader>
  <datafield tag="999" ind1=" " ind2=" ">
    <subfield code="c">358008</subfield>
    <subfield code="d">358008</subfield>
  </datafield>
  <controlfield tag="001">6184643</controlfield>
  <controlfield tag="003">IT-MiSPE</controlfield>
  <controlfield tag="005">20180925160626.0</controlfield>
  <controlfield tag="008">810608s1954    gw            000 0 ger  </controlfield>
  <datafield tag="010" ind1=" " ind2=" ">
    <subfield code="a">   73205028 </subfield>
  </datafield>
  <datafield tag="020" ind1=" " ind2=" ">
    <subfield code="a">9783596294299</subfield>
    <subfield code="c">16.90 DM</subfield>
  </datafield>
  <datafield tag="040" ind1=" " ind2=" ">
    <subfield code="a">DLC</subfield>
    <subfield code="c">IT-MiSPE</subfield>
    <subfield code="d">DLC</subfield>
    <subfield code="b">ita</subfield>
  </datafield>
  <datafield tag="041" ind1=" " ind2=" ">
    <subfield code="a">ger</subfield>
  </datafield>
  <datafield tag="050" ind1="0" ind2="0">
    <subfield code="a">PT2625.A44</subfield>
    <subfield code="b">B3 1954b</subfield>
  </datafield>
  <datafield tag="082" ind1=" " ind2=" ">
    <subfield code="a">833-MAN th be (23191)</subfield>
  </datafield>
  <datafield tag="100" ind1="1" ind2=" ">
    <subfield code="a">Mann, Thomas,</subfield>
    <subfield code="d">1875-1955.</subfield>
    <subfield code="9">57382</subfield>
  </datafield>
  <datafield tag="245" ind1="1" ind2="0">
    <subfield code="a">Bekenntnisse des Hochstaplers Felix Krull;</subfield>
  </datafield>
  <datafield tag="260" ind1=" " ind2=" ">
    <subfield code="a">[Frankfurt am Main]</subfield>
    <subfield code="b">S. Fischer,</subfield>
    <subfield code="c">1954 (Juni 1994)</subfield>
  </datafield>
  <datafield tag="300" ind1=" " ind2=" ">
    <subfield code="a">400 p.</subfield>
    <subfield code="c">19 cm.</subfield>
  </datafield>
  <datafield tag="655" ind1=" " ind2=" ">
    <subfield code="a">Lingua e letteratura tedesca</subfield>
    <subfield code="x">Vari altri autori: opere originali e studi</subfield>
    <subfield code="9">57384</subfield>
  </datafield>
  <datafield tag="906" ind1=" " ind2=" ">
    <subfield code="a">0</subfield>
    <subfield code="b">cbc</subfield>
    <subfield code="c">premunv</subfield>
    <subfield code="d">u</subfield>
    <subfield code="e">ncip</subfield>
    <subfield code="f">19</subfield>
    <subfield code="g">y-gencatlg</subfield>
  </datafield>
  <datafield tag="942" ind1=" " ind2=" ">
    <subfield code="2">ddc</subfield>
    <subfield code="c">BK</subfield>
  </datafield>
  <datafield tag="952" ind1=" " ind2=" ">
    <subfield code="0">0</subfield>
    <subfield code="1">0</subfield>
    <subfield code="2">ddc</subfield>
    <subfield code="4">0</subfield>
    <subfield code="6">833MAN_TH_BE_23191</subfield>
    <subfield code="7">1</subfield>
    <subfield code="a">CINISELLO</subfield>
    <subfield code="b">CINISELLO</subfield>
    <subfield code="d">2018-09-25</subfield>
    <subfield code="l">0</subfield>
    <subfield code="o">833-MAN th be (23191)</subfield>
    <subfield code="p">9783596294299</subfield>
    <subfield code="r">2018-09-25 00:00:00</subfield>
    <subfield code="w">2018-09-25</subfield>
    <subfield code="y">BK</subfield>
  </datafield>
</record>
